Des mots terminant en Q, V, W, X et Z - Statistiques

Statistiques générales
  • Ce quiz a été pris 82 fois
  • Le résultat moyen est 33 sur 80
Statistiques - réponses
Définition
Nbre de
lettres
Initiale Mot % Correct
Nombre 3 D Dix
91%
Télécopie 3 F Fax
89%
Gallinacé 3 C Coq
88%
Chiffre 4 C Cinq
86%
Chiffre 4 D Deux
85%
Pif 3 N Nez
83%
Fruit sec 4 N Noix
82%
Chiffre 3 S Six
82%
Céréale 3 R Riz
77%
Questionnaire 4 Q Quiz
74%
Musique 4 J Jazz
71%
Espace clos 3 B Box
70%
Arbre 4 H Houx
68%
Fluide 3 G Gaz
67%
Animal 4 L Lynx
67%
Pierre 6 Q Quartz
67%
Préférence 5 C Choix
65%
Son articulé 4 V Voix
65%
Appartement 6 D Duplex
64%
Outil 4 F Faux
64%
Mouchoir 7 K Kleenex
64%
Pierre 4 O Onyx
61%
Détroit 3 R Raz
61%
Unité de fréquence 5 H Hertz
59%
Instrument de la voix 6 L Larynx
58%
Indien 5 S Sioux
58%
Valeur financière 4 P Prix
56%
Marée montante 4 F Flux
53%
Tranquille 5 R Relax
53%
Oiseau fabuleux 6 P Phénix
52%
Spectacle 4 S Show
50%
Danse 4 S Slow
50%
Deux roues 5 S Solex
50%
Poitrine 6 T Thorax
50%
Tarif 4 T Taux
48%
Entrevue 9 I Interview
47%
Très fâché 5 F Furax
44%
Monnaie 3 L Lev
44%
Près de 3 L Lez
44%
Signe d'irritation 4 T Toux
44%
Saucisse pimentée 7 M Merguez
42%
Concorde 4 P Paix
42%
Marée descendante 6 R Reflux
42%
Matière 4 I Inox
41%
Pierre 5 S Silex
41%
Coiffe 3 F Fez
39%
Proche de l'orange 4 R Roux
39%
Animal 4 O Oryx
38%
Femme indienne 5 S Squaw
36%
Appareil photo 6 R Réflex
33%
Téléscripteur 5 T Télex
33%
Table 5 I Index
29%
Latine ou grecque 5 C Croix
27%
Substitut 6 E Ersatz
26%
Rumeur 4 B Buzz
21%
Suc végétal 5 L Latex
21%
Hors-la-Loi 6 O Outlaw
21%
Matière résineuse 4 P Poix
21%
Graisse blanche 8 S Saindoux
21%
Croix habitée 8 C Crucifix
18%
Oiseau 7 P Perdrix
17%
Confiserie 11 M Marshmallow
15%
Organe 7 P Pharynx
15%
Ver 6 B Bombyx
14%
Recueil 5 C Codex
12%
Logement léger 8 B Bungalow
11%
Couche périphérique 6 C Cortex
11%
Thème 9 L Leitmotiv
11%
Maladie 12 P Pneumothorax
11%
Maladie 7 A Anthrax
9%
Mouvement 6 A Afflux
6%
Saut 7 S Salchow
5%
Prince héritier 9 K Kronprinz
3%
Fleur 5 P Phlox
3%
Chien 5 S Spitz
3%
Préparation culinaire 8 M Mirepoix
2%
Portique 7 N Narthex
2%
Extrémité 6 C Coccyx
0%
Communauté 6 M Moshav
0%
Câble 6 S Sandow
0%
Aucun quiz correspondant
Distribution des résultats
% des personnes avec chaque résultat
Percentile par nombre de réponses
Votre historique - résultats
Vous n’avez pas pris ce quiz